I film di filmcritica : i migliori dal 1950 al 1979 /
I tiakina i:
| Ētahi atu kaituhi: | |
|---|---|
| Hōputu: | Pukapuka |
| Reo: | Itāriana |
| I whakaputaina: |
[Roma] :
Savelli,
1980
|
| Ngā marau: | |
| Ngā Tūtohu: |
Kāore He Tūtohu, Me noho koe te mea tuatahi ki te tūtohu i tēnei pūkete!
|
MARC
| LEADER | 00000nam a22000007i 4500 | ||
|---|---|---|---|
| 001 | IT\ICCU\VEA\0025375 | ||
| 003 | ItRI | ||
| 005 | 20260115232404.0 | ||
| 008 | 920703s1980 it |||||| ||||| |||||c | ||
| 015 | |2 IT |a 809249 | ||
| 040 | |b ita |c importazione bologna sebina | ||
| 041 | 7 | |a ita |2 ISO-639-2 | |
| 082 | |a 791.43 |9 CINEMATOGRAFO |2 18 | ||
| 245 | 0 | 2 | |a I film di filmcritica : |b i migliori dal 1950 al 1979 / |c [cura di] Edoardo Bruno. |
| 260 | |a [Roma] : |b Savelli, |c 1980 | ||
| 300 | |a 123 p. : |b ill. ; |c 23x23 cm | ||
| 500 | |a In cop.: schede, recensioni,immagini, | ||
| 650 | 7 | |a Film |x 1950-1979 |2 scbi | |
| 700 | 1 | |a Bruno, Edoardo, |d (1928-2020) |0 IT\ICCU\VEAV\500575 | |
| 942 | |2 ddc |c BK |n 0 | ||
| 952 | |0 0 |1 0 |4 0 |6 DOC_791_437000000000000_BRU |7 0 |9 25250 |a BO |b BO |d 2026-01-15 |i 4546 |l 0 |o DOC 791.437 BRU |p BO4546 |r 2026-01-15 23:24:04 |w 2026-01-15 |x [Sebina 7] [1 v.] |y BK |z 1 v. | ||
| 999 | |c 21454 |d 21454 | ||